Normal view
MARC view
- علم النفس التربوي-الإرشاد النفسي-التوجيه التربوي
Entry Topical Term
001 - CONTROL NUMBER
- control field: 44438
003 - CONTROL NUMBER IDENTIFIER
- control field: JO-AjAnu
005 - DATE AND TIME OF LATEST TRANSACTION
- control field: 20230606081346.0
008 - FIXED-LENGTH DATA ELEMENTS
- fixed length control field: 230606|| aca||aabn | a|a d
040 ## - CATALOGING SOURCE
- Original cataloging agency: JO-AjAnu
- Transcribing agency: JO-AjAnu
150 ## - HEADING--TOPICAL TERM
- Topical term or geographic name entry element: علم النفس التربوي-الإرشاد النفسي-التوجيه التربوي
670 ## - SOURCE DATA FOUND
- Source citation: Work cat.: (JO-AjAnu)22756: النوايسه، فاطمة عبد الرحيم, author 44437, الإرشاد النفسي والتربوي